00177 a2200073 450000100060000000300050000608200170001124500750002887932NUST a050.9541 MOF aforeign office Year Book 2006-07cMinistry of Foreign AffairshEnglish